| 000 | 01088nam a2200229 a 4500 | ||
|---|---|---|---|
| 001 | 000026620 | ||
| 003 | OSt | ||
| 005 | 20240229073936.0 | ||
| 008 | 110324t1951 dr 000 0dspa d | ||
| 040 |
_aDO-SdBNP _bspa _cBNPHU |
||
| 049 | _aBNPD | ||
| 082 |
_a972.93053 _bT866m, 1950 |
||
| 100 | 1 |
_aTrujillo Molina, Rafael Leónidas, _d 1891-1961 _976764 |
|
| 245 | 1 | 0 |
_aMensaje depositado el 27 de febrero de 1951 en el Congreso Nacional por el Presidente de la República Dominicana generalísimo Dr. Rafael Leónidas Trujillo Molina para darle cuenta de su gestión durante el año 1950 / _cRafael Leónidas Trujillo Molina. |
| 260 |
_aCiudad Trujillo, República Dominicana : _bDel Caribe, _c[1951]. |
||
| 300 |
_a137 p. ; _c22 cm. |
||
| 650 | 4 |
_aDiscursos presidenciales _910061 |
|
| 651 | 4 |
_aRepública Dominicana _xHistoria _yEra de Trujillo, 1930-1961 _xEnsayos, conferencias, etc. _930520 |
|
| 651 | 4 |
_aRepública Dominicana _xPolítica Y Gobierno _yEra de Trujillo, 1930-1961 _930546 _vEnsayos, conferencias, etc. |
|
| 910 | _aValidado. Control de calidad EMS. | ||
| 942 |
_2ddc _cLBS1 |
||
| 999 |
_c26112 _d26112 |
||